Online
Catalog

De regia potestate; / (Record no. 14411)

MARC details
000 -CABECERA
campo de control de longitud fija 01801cam a22003611 4500
001 - NÚMERO DE CONTROL
campo de control 000014831
005 - FECHA Y HORA DE LA ÚLTIMA TRANSACCIÓN
campo de control 20200929163915.0
008 - DATOS DE LONGITUD FIJA--INFORMACIÓN GENERAL
campo de control de longitud fija 780116s1969 sp b 000 0 lat
010 ## - NÚMERO DE CONTROL DE LA BIBLIOTECA DEL CONGRESO
Número de control de LC 75295156
040 ## - FUENTE DE LA CATALOGACIÓN
Centro catalogador/agencia de origen DO-SdBNP
Centro/agencia transcriptor DLC
Centro/agencia modificador DLC
041 1# - CÓDIGO DE LENGUA
Código de lengua del texto/banda sonora o título independiente latspalat
043 ## - CÓDIGO DE ÁREA GEOGRÁFICA
Código de área geográfica cl-----
-- e-sp---
-- n------
050 00 - SIGNATURA TOPOGRÁFICA DE LA BIBLIOTECA DEL CONGRESO
Número de clasificación F1411
Número de documento/Ítem .C476
100 1# - ENTRADA PRINCIPAL--NOMBRE DE PERSONA
Nombre de persona Casas, Bartolome de las,
Fechas asociadas al nombre 1474-1566.
9 (RLIN) 21128
240 10 - TÍTULO UNIFORME
Título uniforme De regia potestate.
Lenguaje de la obra Spanish & Latin
245 10 - MENCIÓN DE TÍTULO
Título De regia potestate; /
Mención de responsabilidad, etc. o Derecho de autodeterminacion.
250 ## - MENCIÓN DE EDICIÓN
Mención de edición Edicion critica bilingue
Resto de la mención de edición por Luciano Perena [et al.]
260 ## - PUBLICACIÓN, DISTRIBUCIÓN, ETC.
Lugar de publicación, distribución, etc. Madrid, :
Nombre del editor, distribuidor, etc. Consejo Superior de Investigaciones Cientificas,
Fecha de publicación, distribución, etc. 1969.
300 ## - DESCRIPCIÓN FÍSICA
Extensión clvii, 316 (i.e. 431) p. ;
Dimensiones 22 cm.
350 ## - PRECIO (NR) (BK AM CF MU VM SE) [OBSOLETO]
Precio 450.00
440 #0 - MENCIÓN DE SERIE/PUNTO DE ACCESO ADICIONAL--TÍTULO
Título Corpus Hispanorum de pace,
Designación de volumen o secuencia v. 8
9 (RLIN) 15705
500 ## - NOTA GENERAL
Nota general Opposite pages, p. [1]-115, numbered in duplicate.
500 ## - NOTA GENERAL
Nota general Latin text with Spanish translation by Vidal Abril Castello of Erudita et elegans explicatio quaestionis: utrum reges vel principes jure aliquo vel titulo, et salva conscientia, cives ac subditos a regia corona alienare et alterius domini particularis ditioni subjicere possint?
504 ## - NOTA DE BIBLIOGRAFÍA, ETC.
Nota de bibliografía, etc. "Apendices" (p. [117]-292) contain writings of Las Casas and other documents in Spanish, Latin, or Italian on the system of encomiendas.
504 ## - NOTA DE BIBLIOGRAFÍA, ETC.
Nota de bibliografía, etc. Bibliography: p. [305]-311.
651 #0 - PUNTO DE ACCESO ADICIONAL DE MATERIA--NOMBRE GEOGRÁFICO
Nombre geográfico Latin America
Subdivisión general History
Subdivisión cronológica To 1600.
9 (RLIN) 33595
651 #0 - PUNTO DE ACCESO ADICIONAL DE MATERIA--NOMBRE GEOGRÁFICO
Nombre geográfico Spain
Subdivisión general Colonies
Subdivisión geográfica America
Subdivisión general Administration
Subdivisión de forma Early works to 1800.
9 (RLIN) 33596
650 #0 - PUNTO DE ACCESO ADICIONAL DE MATERIA--TÉRMINO DE MATERIA
Término de materia o nombre geográfico como elemento de entrada Kings and rulers
Subdivisión general Duties
Subdivisión de forma Early works to 1800.
9 (RLIN) 33597
650 #0 - PUNTO DE ACCESO ADICIONAL DE MATERIA--TÉRMINO DE MATERIA
Término de materia o nombre geográfico como elemento de entrada Human rights
Subdivisión geográfica Latin America
Subdivisión de forma Early works to 1800.
9 (RLIN) 33598
650 #0 - PUNTO DE ACCESO ADICIONAL DE MATERIA--TÉRMINO DE MATERIA
Término de materia o nombre geográfico como elemento de entrada Political rights
Subdivisión geográfica Latin America
Subdivisión de forma Early works to 1800.
9 (RLIN) 33599
700 1# - PUNTO DE ACCESO ADICIONAL--NOMBRE DE PERSONA
Nombre de persona Perena, Luciano,
Fechas asociadas al nombre 1920-
Término indicativo de función/relación ed.
9 (RLIN) 33600
910 ## - DATOS DE OPCIÓN DEL USUARIO (OCLC)
Datos de opción del usuario Catalogación por copia / LC
Holdings
Estado de retiro Estado de pérdida Restricciones de uso No para préstamo Código de colección Localización permanente Ubicación/localización actual Ubicación en estantería Fecha de adquisición Número de inventario Total de préstamos Signatura topográfica completa Código de barras Fecha visto por última vez Precio válido a partir de Tipo de ítem Koha
      Excluido de préstamo Monografías: Libros y Folletos General General Depósito 22.01.2010 LF1   14831-10 25.06.2020 25.06.2020 No se presta

Powered by Koha